000 00804cam a2200265 a 4500
001 4506405
005 20240124055701.0
008 980504s1999 enka b 001 0 eng
020 _a0415170958
020 _a0415170966 (pbk.)
040 _aDLC
_cDLC
_dDLC
082 0 0 _a305.8
_221
_bJAY.
100 1 _aIfekwunigwe, Jayne O.,
245 1 0 _aScattered belongings :
_bcultural paradoxes of "race," nation and gender /
_cJayne O. Ifekwunigwe.
250 _a1st.
260 _aLondon ;
_aNew York :
_bRoutledge,
_c1999.
300 _axvii, 221 p. :
650 0 _aRacially mixed people.
650 0 _aEthnicity.
650 0 _aCultural pluralism.
650 0 _aRace relations.
650 0 _aIdentity (Psychology)
856 4 2 _uhttp://www.loc.gov/catdir/enhancements/fy0649/98020493-d.html
942 _cL
999 _c195
_d195